000
00300nam a22001217a 4500
040
_c
SY
082
_a
973
100
_a
NA
245
_a
ក្របខ័ណ្ឌជំនួយអភិវឌ្ឍន៍សហប្រជាជាតិ
260
_a
RUA
_b
NA
_c
2010
300
_a
69p.
942
_c
EK
999
_c
9763
_d
9763